000 00261nam a2200109Ia 4500
008 200302s9999 xx 000 0 und d
100 _aManfredo Tafuri
245 _aModern Architecture / 2
260 _bFaber and Faber /Electa
260 _c1976
300 _a425 P.,
999 _c839
_d839